| 000 | 00828nam a2200241Ia 4500 | ||
|---|---|---|---|
| 003 | OSt | ||
| 005 | 20250205144917.0 | ||
| 008 | 210716s2009 xx 000 0 und d | ||
| 020 | _a9788178298672 | ||
| 040 | _cAIMIT LIBRARY | ||
| 041 | _aeng | ||
| 082 |
_a658.406 _21 _bIYEL |
||
| 100 |
_aIyer, Lalitha. _9197880 |
||
| 245 |
_aInstitutions consultants and transformation: _bcase studies from the development sector / _cEdited by Lalitha Iyer and Shaibal Guharoy. |
||
| 250 | _a1st ed. | ||
| 260 |
_aNew Delhi : _bResponse Books ; _c2009. |
||
| 300 |
_axviii,217p. ; _bPB _c20 cm. |
||
| 650 |
_aTechniques in intervention and design _9197881 |
||
| 650 |
_aOrganisational structure of panchim _9197882 |
||
| 700 |
_aIyer, Lalitha. _9197880 |
||
| 700 |
_aGuharoy, Shaibal. _9197883 |
||
| 942 |
_2ddc _cBK _e1st ed. _k658.406 IYEL |
||
| 999 |
_c207866 _d207866 |
||